[Event "9th LCC FIDE Open 2017"]
[Site "London"]
[Date "2017.12.02"]
[Round "1"]
[White "Vakhidov, Jakhongir"]
[Black "Hagesather, Arne"]
[Result "1-0"]
[WhiteElo "2500"]
[BlackElo "2046"]
[Annotator "TA"]
[PlyCount "83"]
[EventDate "2017.??.??"]
[EventCountry "ENG"]
[SourceTitle "playchess.com"]
[Source "ChessBase"]
[SourceQuality "1"]

{[%evp 20,82,17,14,82,77,87,88,106,122,125,95,141,149,162,158,181,152,168,0,169,160,204,164,185,177,168,181,179,168,152,78,83,76,75,93,90,70,96,102,95,51,137,137,209,136,206,190,215,185,235,175,221,134,1068,147,1063,1002,2283,2202,29982,7449,29998,29999,29999]} 1. c4 Nf6 2. d4 e6 3. Nf3 Bb4+ 4. Nc3 b6 5. e3 Bb7 6. Bd3 O-O 7. O-O d5 8. cxd5 exd5 9. a3 Be7 {E52: Nimzo-Indian: Rubinstein: 4...0-0 5 Nf3 d5 6 Bd3 b6} (9... Bd6 10. b4 Nbd7 11. Qb3 a6 12. a4 Qe7 13. Rb1 c6 14. a5 Rfb8 15. axb6 Bc8 16. Qc2 Nxb6 17. e4 dxe4 18. Nxe4 Nxe4 19. Bxe4 h6 {1-0 (30) Mamedyarov,S (2772)-Adams,M (2747) Moscow 2017}) 10. b4 {[%cal Bb2b4,Bb4b5][%mdl 32]} Nbd7 11. Qb3 {LiveBook: 11 Games} Rb8 {[#]} (11... c6 $11) 12. b5 $1 $16 Re8 $146 ({Predecessor:} 12... Bd6 13. a4 Qe7 14. Ba3 Rfc8 15. Bxd6 Qxd6 16. Qb1 g6 {1-0 (55) Knaak,R (2510)-Mititelu,G (2390) Bucharest 1975}) 13. a4 Nf8 14. Ne5 Ne6 15. f4 Bf8 16. Bd2 Rc8 17. Be1 Qd6 18. Bh4 Be7 19. Be1 $2 (19. Qc2 $18) 19... Nd8 $2 (19... Bf8 $1 $11) 20. a5 $18 Bf8 21. Bd2 Nd7 22. Bf5 Ne6 23. axb6 axb6 24. Ra7 Ba8 25. Nc6 (25. Na2 $142) 25... Nf6 $16 26. Rc1 $40 {[%mdl 128] White attacks with force.} g6 27. Bh3 Bxc6 28. bxc6 Ne4 29. Nxe4 dxe4 30. Qa2 {Threatens to win with d5.} Rcd8 ({Better is} 30... Nxf4 $14 31. exf4 Qxd4+ 32. Kh1 e3) 31. Be1 f5 (31... Bh6 $16) 32. g3 Kg7 (32... Qd5 $16 33. Qxd5 Rxd5) 33. Bf1 $18 {[%cal Bh3f1,Bf1c4,Bc4b3][%mdl 32]} Kh6 34. Bc4 Rc8 35. Bb3 Bg7 36. Qg2 {[%cal Rg2h3]} g5 $2 {[%mdl 8192]} (36... Bf6 $16) 37. Qh3+ Kg6 {Black wants to play ...Nxd4.} 38. g4 fxg4 {[#]} 39. f5+ $1 {[%mdl 512]} Kf6 (39... Kxf5 40. Qxh7+) 40. Qh5 Kxf5 41. Qf7+ Bf6 42. Qxh7# {Precision: White = 74%, Black = 30%.} 1-0

[Event "9th LCC FIDE Open 2017"]
[Site "London"]
[Date "2017.12.02"]
[Round "1"]
[White "Rysbayeva, Aigerim"]
[Black "Motylev, Alexander"]
[Result "0-1"]
[WhiteElo "2118"]
[BlackElo "2675"]
[Annotator "TA"]
[PlyCount "102"]
[EventDate "2017.??.??"]
[EventCountry "ENG"]
[SourceTitle "playchess.com"]
[Source "ChessBase"]
[SourceQuality "1"]

{[%evp 17,102,23,30,5,0,-16,-25,-22,-16,-20,-4,-15,-3,-6,-5,0,2,0,0,0,0,-3,-5,-35,-9,-25,-2,-5,-10,-63,-57,-62,-51,-53,-34,-52,-53,-68,-41,-56,-25,-57,-63,-89,-53,-54,-57,-76,-34,-147,-140,-131,-139,-152,-95,-220,-210,-322,-243,-291,-281,-236,-8,-16,0,-208,-208,-704,-20,-719,-719,-700,-701,-576,-701,-683,-691,-673,-656,-653,-650,-646,-641,-622,-597,-522,-364]} 1. e4 c5 2. Nf3 Nc6 3. d4 cxd4 4. Nxd4 e5 5. Nb5 a6 6. Nd6+ Bxd6 7. Qxd6 Qe7 8. Qxe7+ Ngxe7 9. Nc3 {B32: Sicilian: Löwenthal and Kalashnikov Variations} d5 {LiveBook: 12 Games} 10. Bd3 (10. Nxd5 Nxd5 11. exd5 Nb4 12. Bd3 Nxd3+ 13. cxd3 Bf5 14. O-O O-O-O 15. Re1 Rxd5 16. f4 f6 17. fxe5 fxe5 18. Bd2 Bxd3 19. Bc3 {½-½ (59) Khegay,D (2484)-Rakhmanov,A (2670) Sochi 2017}) 10... Nb4 11. a3 {The position is equal.} Nxd3+ 12. cxd3 Be6 $146 ({Predecessor:} 12... b5 13. Bd2 d4 14. Ne2 Be6 15. Rc1 {½-½ (28) Korinek,O (2262)-Korenova,M (2238) Czechia 2009}) 13. Bd2 d4 14. Na4 Rc8 15. b4 Rc6 16. Rc1 Bd7 {...Rxc1+ is the strong threat.} 17. Nc5 b6 $36 {[%mdl 2048] Black has some pressure.} 18. Nxd7 Rxc1+ 19. Bxc1 Kxd7 $11 {[%mdl 4096] Endgame KRB-KRN} 20. Kd2 h5 21. Bb2 h4 22. f4 f6 23. f5 (23. fxe5 $11 fxe5 24. Rf1) 23... g6 $15 24. fxg6 Nxg6 25. Rf1 Ke7 26. a4 Rg8 27. g3 hxg3 28. hxg3 Rh8 29. Rf2 Ke6 30. Kc2 Ne7 31. b5 axb5 32. axb5 Rg8 33. Rf3 (33. Ba3 $15) 33... Nc8 34. Kb3 Nd6 35. Kb4 Ra8 (35... f5 $142 36. exf5+ Nxf5) 36. Bc1 (36. Ba3 $17 {was worth a try.}) 36... Ra1 $19 37. Bh6 (37. Bb2 $142 Rb1 38. Kb3) 37... Rh1 38. Bf8 Rb1+ 39. Ka4 {Black should prevent Bxd6.} Ra1+ $2 (39... Nxb5 $19 {Hoping for ...Kf7.} 40. g4 Nc3+ 41. Ka3 Rg1) 40. Kb4 Rb1+ $2 (40... Ne8 $11) 41. Ka4 {next Bxd6 is good for White.} Nxb5 42. Bg7 $2 (42. g4) 42... Nc3+ 43. Ka3 {[#]} Kf7 $1 {Black is clearly winning.} 44. Bxf6 {[#]} b5 $1 {[%csl Gb1][%cal Rb5b4]} 45. Bd8+ Ke6 {[%csl Gb1][%cal Rb5b4]} 46. Rf6+ Kd7 {[%csl Gb1][%cal Rb5b4]} 47. Ba5 Ra1+ 48. Kb4 Ra4+ 49. Kc5 Rxa5 50. g4 Ra1 51. g5 Rc1 {Precision: White = 41%, Black = 66%.} 0-1

[Event "9th LCC FIDE Open 2017"]
[Site "London"]
[Date "2017.12.02"]
[Round "1"]
[White "Bates, Caspar J"]
[Black "Iturrizaga Bonelli, Eduardo"]
[Result "0-1"]
[WhiteElo "2112"]
[BlackElo "2665"]
[Annotator "TA"]
[PlyCount "86"]
[EventDate "2017.??.??"]
[EventCountry "ENG"]
[SourceTitle "playchess.com"]
[Source "ChessBase"]
[SourceQuality "1"]

{[%evp 15,86,0,0,0,0,-8,40,37,54,52,71,28,63,45,76,69,72,69,106,14,12,6,115,113,132,0,0,0,44,0,0,0,0,0,0,0,0,0,80,80,80,81,80,69,80,64,81,-121,-11,-12,-27,-156,-139,-994,-667,-667,-667,-667,-666,-1163,-1160,-1032,-788,-784,-775,-925,-931,-12833,-12833,-12837,-12838,-29989,-29990]} 1. d4 Nf6 2. c4 e6 3. e3 b6 4. a3 Bb7 5. Nc3 g6 6. Nf3 Bg7 {E12: Queen's Indian: Unusual White 4th moves, 4 a3, 4 Nc3 Bb7 5 a3 and 4 Nc3 Bb7} 7. Bd3 O-O 8. O-O c5 {LiveBook: 6 Games. The position is equal.} 9. d5 exd5 10. cxd5 d6 11. e4 a6 $146 ({Predecessor:} 11... Ba6 12. h3 b5 13. Re1 Qb6 14. a4 b4 15. Nb5 Nbd7 16. Bf4 Ne8 17. Nd2 Qb8 18. Nc4 Nb6 19. Bxd6 Nxd6 20. Nbxd6 Bxc4 21. Nxc4 Nxc4 22. Bxc4 Bxb2 {½-½ (29) Eingorn,V (2589)-Loginov,V (2480) Oberwart 2001}) 12. a4 Nbd7 13. Nd2 Ne8 14. f4 f5 15. exf5 $1 gxf5 16. Nf3 Nc7 17. Qb3 (17. Ne2 $16) 17... Kh8 18. Bd2 Nf6 (18... b5 $11 {remains equal.} 19. axb5 axb5 20. Rxa8 (20. Nxb5 Rxa1 21. Rxa1 Bxd5 $11) (20. Bxb5 Rb8 $14) 20... Bxa8 21. Bxb5 Nxb5 22. Qxb5 (22. Nxb5 Qb6 $17) 22... Nb6) 19. Bxf5 $16 b5 20. axb5 (20. Ng5 $1 $16) 20... axb5 $11 {[%cal Rf6d5]} 21. Ng5 ({Of course not} 21. Nxb5 Rxa1 22. Rxa1 Bxd5 $17) 21... c4 22. Qc2 Rxa1 23. Rxa1 {[%cal Rf5h7]} h6 24. Ne6 $1 {[%cal Re6d8]} Nxe6 25. Bxe6 Qb6+ 26. Kh1 Qf2 (26... b4 $11 27. Ne4 Nxd5) 27. Qc1 $1 $16 {aiming for Be3.} b4 28. Be3 Qh4 29. Ra7 bxc3 30. Rxb7 {And now Bd4 would win.} Ne4 {Threatens to win with ...Ng3+.} 31. Rxg7 $2 (31. Kg1 $1 $16 {is necessary to keep the advantage.}) 31... Kxg7 $40 {[%mdl 128] Black attacks.} 32. Kg1 $1 Qf6 33. Qd1 {[#]} (33. bxc3 $1 $11 {was the only way to keep the balance.} Nxc3 34. Qa3) 33... Kh7 $1 ({Avoid the trap} 33... cxb2 $2 34. Bd4 $18) 34. Qc2 $2 {[%mdl 8192]} (34. b4 $17) 34... cxb2 $19 35. Qxe4+ {[#]} Qg6 $1 {[%cal Rg6e4]} 36. f5 Qf6 37. Bd4 {[#]} b1=Q+ $1 {[%mdl 512]} 38. Qxb1 Qxd4+ {KQR-KQB} 39. Kf1 Kh8 40. g3 c3 41. Qc1 Kg7 42. Ke2 Rb8 {( -> ...Rb2+)} 43. Kf3 Rb2 {Precision: White = 45%, Black = 64%.} 0-1

[Event "9th LCC FIDE Open 2017"]
[Site "London"]
[Date "2017.12.02"]
[Round "1"]
[White "Coote, Trevor D"]
[Black "Jones, Gawain C B"]
[Result "0-1"]
[WhiteElo "2104"]
[BlackElo "2654"]
[Annotator "TA"]
[PlyCount "62"]
[EventDate "2017.??.??"]
[EventCountry "ENG"]
[SourceTitle "playchess.com"]
[Source "ChessBase"]
[SourceQuality "1"]

{[%evp 16,62,-12,-102,-91,-110,-107,-147,-150,-177,-155,-242,-237,-226,-202,-206,-139,-125,-135,-227,-214,-208,-218,-249,-221,-220,-184,-189,-130,-137,-143,-295,-273,-522,-525,-519,-519,-503,-497,-496,-500,-624,-166,-1842,-1594,-29989,-29990,-29990,-29991]} 1. d4 Nf6 2. c4 {[%cal Bc2c4,Bc4b5][%mdl 32]} c5 3. d5 b5 4. cxb5 a6 5. e3 g6 6. Nc3 Bg7 7. Nf3 O-O 8. e4 axb5 9. Bxb5 (9. e5 $11 Ng4 10. Bxb5) 9... Nxe4 $1 $17 {A57: Wolga/Benkö-Gambit} 10. Qd3 (10. Qb3 Qa5 11. Bd2 Nxd2 12. Nxd2 Ba6 13. Bc4 d6 14. O-O Nd7 15. Bxa6 Qxa6 16. Rfe1 Rfb8 17. Qc2 {0-1 (70) Demuth,A (2521)-Izzat,K (2454) Brisbane 2017}) 10... Nd6 $146 ({Vorgänger:} 10... Qa5 11. Bd2 Nxd2 12. Nxd2 Ba6 13. Bxa6 Nxa6 14. a3 Nb4 15. Qe4 f5 16. Qb1 Bxc3 17. bxc3 Nxd5 {0-1 (55) Mercader Rubio,L (1919)-Walter Travella,G (2049) Barcelona 2014}) 11. Bf4 Nxb5 {Schwarz steht deutlich besser.} 12. Qxb5 d6 13. Qd3 (13. O-O $17) 13... Ba6 14. Qd2 Re8 15. Bh6 e5 {[%cal Be7e5,Be5e4][%mdl 32]} 16. Bxg7 Kxg7 17. O-O-O (17. Ng1 $17 {war einen Versuch wert.}) 17... e4 $1 $19 {[%cal Re4f3]} 18. Ne1 Nd7 19. Qf4 Ne5 20. h4 h6 21. g4 {[#]} Bc4 (21... Bc8 $1 $19 {[%cal Rc8g4]} 22. g5 h5 23. Qf6+ Qxf6 24. gxf6+ Kxf6 25. Nxe4+ Ke7) 22. g5 $17 Bxa2 23. gxh6+ $2 (23. Nxe4 $17 {kämpft weiter.} h5 24. Rh3 (24. Qf6+ $2 Qxf6 25. gxf6+ Kf8 $19)) 23... Kh8 $19 24. Nxe4 $2 (24. Rh3 {war angesagt.} Bb3 25. Nc2) 24... Bb3 {Weiss muss nun ...Ta1+ beachten.} 25. Nc2 {[#]} Ra4 $1 {[%cal Ra4c4]} 26. Qe3 Bxc2 27. Kxc2 Rb4 {...Txb2+! ist eine echte Drohung.} 28. Rb1 Rd4 $2 (28... Rc4+ 29. Nc3 Qf6) 29. Ng5 $2 (29. Rbe1) 29... Qd7 30. b3 Qf5+ 31. Kb2 Nd3+ {Precision: Weiß = 29%, Schwarz = 84%.} 0-1

[Event "9th LCC FIDE Open 2017"]
[Site "London"]
[Date "2017.12.02"]
[Round "1"]
[White "Mitra, Roman C"]
[Black "Sethuraman, Sp"]
[Result "*"]
[WhiteElo "2100"]
[BlackElo "2646"]
[Annotator "TA"]
[PlyCount "28"]
[EventDate "2017.??.??"]
[EventCountry "ENG"]
[SourceTitle "playchess.com"]
[Source "ChessBase"]
[SourceQuality "1"]

{[%evp 1,1,13]} 1. Nf3 {Predecessor:} Nf6 $146 2. g3 b6 3. Bg2 Bb7 4. O-O c5 5. d3 g6 6. e4 Bg7 7. a4 O-O 8. Re1 Nc6 9. Nbd2 d6 10. Nc4 a6 11. e5 Nxe5 12. Nfxe5 Bxg2 13. Kxg2 dxe5 14. Nxe5 e6 {1-0 (22) Carlsen,M (2832)-So,W (2815) chess.com INT 2017} *

[Event "9th LCC FIDE Open 2017"]
[Site "London"]
[Date "2017.12.02"]
[Round "1"]
[White "Guo, Emma"]
[Black "Maze, Sebastien"]
[Result "0-1"]
[WhiteElo "2081"]
[BlackElo "2614"]
[Annotator "TA"]
[PlyCount "62"]
[EventDate "2017.??.??"]
[EventCountry "ENG"]
[SourceTitle "playchess.com"]
[Source "ChessBase"]
[SourceQuality "1"]

{[%evp 15,62,22,39,10,7,-6,13,-6,0,-22,-20,-20,-8,-77,-80,-89,-49,-116,-106,-120,-105,-104,-70,-307,-130,-100,-91,-97,0,0,-22,-22,20,-103,-93,-90,-96,-450,-416,-711,-713,-704,-704,-673,-672,-1881,-1785,-2346,-2319]} 1. d4 Nf6 2. c4 g6 3. Nc3 Bg7 4. e4 d6 5. Be2 O-O 6. Bg5 Nbd7 7. Nf3 e5 8. d5 a5 {LiveBook: 15 Partien} 9. Qd2 {E93: Königsindisch (Klassisches System)} (9. Nd2 h6 10. Be3 Nc5 11. O-O Ne8 12. a3 f5 13. f3 f4 14. Bf2 Nd7 15. b4 g5 16. c5 h5 {1-0 (57) Kraai,J (2506)-Sevillano,E (2464) Edmonton 2015}) 9... Nc5 10. h4 Bg4 ({Bitte nicht} 10... Nfxe4 $6 11. Bxd8 Nxd2 12. Bxc7 $16) 11. Nh2 {Die Stellung ist ausgeglichen.} Bxe2 12. Qxe2 h6 13. Bd2 c6 $146 ({Vorgänger:} 13... Nh5 14. g3 f5 15. O-O-O a4 16. Rdg1 c6 {½-½ (33) Korte,I-Puustinen,T Finland 1976}) 14. h5 (14. Ng4 $11 {bleibt in der Remisbreite.}) 14... cxd5 $1 $17 15. cxd5 b5 {[%cal Bb7b5,Bb5b4][%mdl 32] zielt auf ...b4 ab.} 16. Ng4 ({Günstiger ist} 16. hxg6 $15 b4 17. Nd1) 16... Nxg4 17. Qxg4 f5 18. Qh3 b4 19. hxg6 $2 (19. Nd1 $15) 19... f4 ({Nur nicht} 19... fxe4 $2 20. Nxe4 $1 {[%mdl 512]} Qc8 21. Nxc5 $16 (21. Nxd6 $2 Qa6 $19)) (19... bxc3 $19 {und Schwarz behält klar die Oberhand.} 20. Bxh6 Qf6 21. Bxg7 Qxg7 22. bxc3 fxe4) 20. Ne2 Nxe4 21. Bxf4 {[#]} exf4 (21... Qf6 $1 $17 22. Bxh6 Qxf2+ 23. Kd1 Qf5 24. Qxf5 Rxf5) 22. Qe6+ $11 Kh8 23. Qxe4 Qf6 {Und ...Tfe8 würde nun gewinnen.} 24. O-O (24. Nd4 $1 $11) 24... Rae8 $36 {[%mdl 2048] Läuft bei Schwarz.} 25. Qf3 Qxb2 26. Rae1 $2 {[%mdl 8192]} (26. Nxf4 $17 Qd2 27. g3) 26... Qxa2 27. Nxf4 (27. Qd3 $142 Re5 28. Nc1 Qxd5 29. Rd1 Qxd3 30. Rxd3) 27... Rxe1 $19 {Schwarz steht klar auf Gewinn.} 28. Rxe1 Qd2 29. Re4 a4 {[%cal Ba5a4,Ba4a3,Ba3a2][%mdl 32]} 30. Qg3 a3 31. Ne6 a2 {Precision: Weiß = 21%, Schwarz = 48%.} 0-1

[Event "9th LCC FIDE Open 2017"]
[Site "London"]
[Date "2017.12.02"]
[Round "1"]
[White "Coleman, David J"]
[Black "Hawkins, Jonathan"]
[Result "0-1"]
[WhiteElo "2076"]
[BlackElo "2579"]
[Annotator "TA"]
[PlyCount "54"]
[EventDate "2017.??.??"]
[EventCountry "ENG"]
[SourceTitle "playchess.com"]
[Source "ChessBase"]
[SourceQuality "1"]

{[%evp 25,54,4,0,-4,8,13,30,19,17,-129,-129,-134,-139,-133,-129,-143,-122,-129,-117,-195,-187,-172,-166,-406,-414,-418,-411,-583,-571,-718,-706]} 1. e4 e5 2. Nf3 Nc6 3. d4 exd4 4. Bc4 Nf6 5. e5 d5 6. Bb5 Ne4 7. Nxd4 Bc5 8. Be3 O-O 9. Nxc6 bxc6 10. Bxc5 Nxc5 11. Bxc6 Rb8 {C56: Two Knights: 4 d4 exd4 5 0-0 Nxe4} 12. Qxd5 (12. O-O Rxb2 13. Qxd5 Qxd5 14. Bxd5 Rxc2 15. Na3 Re2 16. Rac1 Nd3 17. Rxc7 Be6 18. Bb3 a5 19. Ra7 Bxb3 20. axb3 Rxe5 {1-0 (31) Nakamura,H (2798)-Onischuk,A (2665) Saint Louis 2015}) 12... Qe7 13. O-O Rxb2 {LiveBook: 13 Games. The position is equal.} 14. Na3 Rd8 15. Qf3 $1 Ne6 $146 ({Predecessor:} 15... Ba6 16. Rfd1 Ne6 17. Rxd8+ Nxd8 18. Bd5 Qxe5 19. Bxf7+ Nxf7 {½-½ (28) Ozkan,H (1796)-Turan,A (1996) Konya 2017}) 16. Qc3 Rb6 17. Rfe1 {[#]} (17. Rfd1 $11) 17... Rxc6 $1 $17 {[%mdl 512]} 18. Qxc6 {Nb5 is the strong threat.} Qxa3 19. Rad1 {[#] Strongly threatening Rxd8+.} Rf8 $1 20. Qc4 Ba6 $36 {[%mdl 2048] Black has strong initiative.} 21. Qc6 Qa5 ({Don't go for} 21... Qxa2 $2 22. Ra1 $18) 22. Rb1 (22. a4 $17 {keeps fighting.}) 22... Nd4 $19 23. Qd7 Ne2+ ({Worse is} 23... Nxc2 {[#]} 24. e6 $1 $11 {[%mdl 512]}) 24. Rxe2 $2 (24. Kh1) 24... Bxe2 25. e6 {aiming for exf7+.} Qxa2 26. Re1 (26. exf7+ {is a better defense.} Qxf7 27. Qxf7+ Rxf7 28. f3) 26... fxe6 27. f4 Qc4 0-1

[Event "9th LCC FIDE Open 2017"]
[Site "London"]
[Date "2017.12.02"]
[Round "1"]
[White "Fink-Nunn, Petra"]
[Black "Donchenko, Alexander"]
[Result "0-1"]
[WhiteElo "2071"]
[BlackElo "2569"]
[Annotator "TA"]
[PlyCount "64"]
[EventDate "2017.??.??"]
[EventCountry "ENG"]
[SourceTitle "playchess.com"]
[Source "ChessBase"]
[SourceQuality "1"]

{[%evp 24,64,42,40,43,28,62,61,92,0,0,0,11,-17,-19,-14,-14,-6,-14,-110,-98,-166,-159,-202,-203,-292,-300,-300,-287,-288,-290,-364,-356,-295,-286,-927,-864,-864,-920,-885,-887,-2642,-2393]} 1. e4 c5 2. Nf3 d6 3. d4 cxd4 4. Nxd4 Nf6 5. Nc3 a6 6. Be3 e5 7. Nb3 Be6 8. f3 h5 9. Nd5 {B90: Sicilian Najdorf: Unusual White 6th moves, 6 Be3 Ng4 and 6 Be3 e5} Bxd5 10. exd5 Nbd7 (10... g6 11. Qd2 Nbd7 12. Be2 Qc7 13. c4 a5 14. Rc1 a4 15. Na1 Qa5 16. Nc2 Qxd2+ 17. Kxd2 {½-½ (60) Topalov,V (2749)-Nakamura,H (2780) Saint Louis 2017}) 11. Qd2 Qc7 12. O-O-O g6 13. Kb1 {LiveBook: 6 Games} Bg7 14. Be2 b5 15. Qa5 Qb7 $146 ({Predecessor:} 15... Qxa5 16. Nxa5 O-O 17. c4 bxc4 18. Bxc4 Rfe8 19. Rhe1 e4 20. Bf4 Bf8 21. b4 Ne5 22. fxe4 Nxc4 23. Nxc4 Rxe4 {0-1 (23) Kulasekara,K (1905)-Kavinda,A (2014) Colombo 2013}) 16. c4 (16. Qa3 $16) 16... bxc4 $11 17. Bxc4 O-O 18. Rc1 Rfb8 19. Rhd1 Nb6 20. Bxb6 Qxb6 21. Bf1 (21. Qxb6 $11 Rxb6 22. Na5) 21... Qg1 $17 22. Qd2 (22. h3 $17 {is a better defense.}) 22... Qxh2 $19 23. Rc6 e4 24. Rxa6 (24. Rc2 $142) 24... Rxa6 25. Bxa6 exf3 26. gxf3 Qg3 27. Qe3 h4 {[%cal Bh5h4,Bh4h3][%mdl 32]} 28. Rg1 Nxd5 29. Qa7 $2 {[#]} (29. Rxg3 Nxe3 30. Rh3) 29... Qh2 $1 {[%csl Gg7][%cal Rh2b2][%mdl 512] Black is clearly winning.} 30. Qxb8+ Kh7 {[%csl Gg7][%cal Rh2b2]} 31. Nc1 Qxg1 32. Qxd6 h3 {Precision: White = 30%, Black = 90%.} 0-1

[Event "9th LCC FIDE Open 2017"]
[Site "London"]
[Date "2017.12.02"]
[Round "1"]
[White "Kalaiyalahan, Akshaya"]
[Black "Mikhalevski, Victor"]
[Result "0-1"]
[WhiteElo "2067"]
[BlackElo "2545"]
[Annotator "TA"]
[PlyCount "80"]
[EventDate "2017.??.??"]
[EventCountry "ENG"]
[SourceTitle "playchess.com"]
[Source "ChessBase"]
[SourceQuality "1"]

{[%evp 21,80,-42,-14,-54,-39,-37,-39,-58,-8,-18,-31,-30,-39,-30,-54,-47,-74,-150,-56,-45,0,0,0,0,0,0,0,0,0,0,-16,-48,-61,-103,-42,-159,-38,-39,-39,-42,-24,-152,-151,-273,-271,-247,-212,-325,-298,-292,-297,-287,-254,-802,-806,-950,-917,-960,-950,-926,-921]} 1. d4 d5 2. c4 e6 3. Nf3 Nf6 4. g3 dxc4 5. Qa4+ Nbd7 6. Bg2 a6 7. Qxc4 b5 8. Qc2 Bb7 9. O-O c5 10. a4 b4 11. Bg5 {E03: Open Catalan: 5 Qa4+ Nbd7 6 Qxc4} (11. Be3 Rc8 12. dxc5 Bxc5 13. Bxc5 Nxc5 14. Nbd2 O-O 15. Rfd1 Bd5 16. Qb1 Qc7 17. Nd4 Rfd8 18. Bxd5 Rxd5 {0-1 (34) Kanep,M (2508)-Savchenko,B (2583) Dresden 2007}) 11... Rc8 {LiveBook: 4 Games} 12. Qd1 (12. Bxf6 $5 Nxf6 13. Nbd2 $15) 12... cxd4 $146 ({Predecessor:} 12... c4 13. Nbd2 c3 14. bxc3 bxc3 15. Nb3 Be7 16. Ne1 Bxg2 17. Kxg2 Qb6 18. Qc2 e5 {½-½ (37) Tarrago Antoni,M (2258)-Vilela de Acuna,J (2329) Barbera del Valles 2010}) 13. Nxd4 {Black is slightly better.} Bxg2 14. Kxg2 Qb6 15. Nf3 Qb7 16. Nbd2 {[%cal Bb1d2,Bd2c4,Bc4d6][%mdl 32]} Be7 17. Re1 h6 18. Bxf6 Bxf6 19. Rb1 (19. Rc1 $142) 19... Nc5 (19... O-O $17 20. Nb3 Rfd8) 20. Nc4 $1 $15 {[%cal Rc4d6]} Be7 21. Nd6+ $1 Bxd6 $1 22. Qxd6 Ne4 $36 {[%mdl 2048] Black has some pressure.} 23. Qd4 O-O 24. Rbc1 Rfd8 25. Rxc8 Rxc8 26. Kg1 Rc2 27. h4 Nc5 (27... a5 $17 28. b3 Kh7) 28. Kf1 ({Better is} 28. Rd1 $15 Qe4 29. Qxe4 Nxe4 30. Rd4 Rxe2 31. Rxb4) 28... Qe4 (28... Kh7 $17 29. Rd1 f5) 29. Qxe4 $1 Nxe4 {[%mdl 4096] Endgame KRN-KRN} 30. Rb1 $1 {[#]} e5 $1 {[%mdl 512]} 31. Ke1 (31. Ne1 $1 $11 Rd2 32. Rc1) (31. Nxe5 Nd2+) 31... f6 $17 32. Kd1 (32. h5 $17) 32... b3 $19 33. Ke1 h5 34. a5 (34. Rd1 {only move.}) 34... Kf7 35. Nh2 {If White can now play Nf1 this consolidates a bit.} Nd2 36. Rd1 {[#]} Nc4 $1 37. f3 $2 (37. Nf1) 37... Rxb2 {Black is clearly winning.} 38. Nf1 Ra2 39. Rb1 b2 {White must now prevent ...Ra1.} 40. Nd2 Na3 {Precision: White = 28%, Black = 45%.} 0-1

[Event "9th LCC FIDE Open 2017"]
[Site "London"]
[Date "2017.12.02"]
[Round "1"]
[White "Marentini, Marcel"]
[Black "Handke, Florian"]
[Result "0-1"]
[WhiteElo "2055"]
[BlackElo "2526"]
[Annotator "TA"]
[PlyCount "70"]
[EventDate "2017.??.??"]
[EventCountry "ENG"]
[SourceTitle "playchess.com"]
[Source "ChessBase"]
[SourceQuality "1"]

{[%evp 20,70,47,14,8,14,20,21,0,22,21,18,68,0,0,0,0,0,0,0,0,0,0,0,0,0,0,0,20,0,0,-438,-438,-438,-438,-438,-437,-647,-646,-629,-616,-593,-593,-593,-593,-744,-645,-645,-645,-645,-556,-645,-645]} 1. Nf3 Nf6 2. c4 g6 3. Nc3 d5 4. Qa4+ Bd7 5. Qb3 dxc4 6. Qxc4 a6 {A16: English Opening: 1...Nf6 with ...d5} (6... Bg7 7. e4 a6 8. e5 Be6 9. exf6 Bxc4 10. fxg7 Rg8 11. Bxc4 Nc6 12. O-O g5 13. Bd5 g4 14. Bxc6+ bxc6 15. Ne5 Rxg7 {½-½ (22) Bruzon Batista,L (2682)-So,W (2731) Havana 2014}) 7. d4 b5 8. Qb3 Bg7 9. e4 O-O 10. e5 Be6 11. exf6 {LiveBook: 6 Games} Bxb3 12. fxg7 Kxg7 {[#] Strongly threatening ...Bd5.} 13. axb3 Nc6 {Hoping for ...Nb4.} 14. Be3 Nb4 {aiming for ...Nc2+.} 15. Rc1 c5 16. Be2 (16. dxc5 $14 e5 17. Be2 (17. Nxe5 Rc8 $11)) 16... cxd4 $11 17. Bxd4+ Kg8 $146 ({Predecessor:} 17... f6 18. O-O {0-1 (52) Garkauskas,O (2089)-Della Morte,G (2309) Registro 2013}) 18. O-O Qd6 19. Be3 Rac8 20. Rfd1 Qe6 21. Nd4 Qe5 22. Nf3 Qe6 23. Nd4 Qf6 24. Bf3 Rfd8 25. Nd5 $2 {[%mdl 8192]} (25. g3 $11) 25... Nxd5 $19 {Black is clearly winning.} 26. Rxc8 Rxc8 27. Bxd5 Rd8 28. Nc6 {[#]} (28. Bf3 $142 e5 29. Nc2) 28... Qxc6 $1 {[%mdl 512]} 29. Bxf7+ (29. Bxc6 Rxd1#) 29... Kxf7 {[%cal Rd8d1]} 30. Rxd8 {[%mdl 4096] Endgame KQ-KRB} Qc2 {( -> ...Qb1+)} 31. h4 Qxb2 32. Ra8 Qb1+ 33. Kh2 Qe4 34. Rxa6 Qxh4+ 35. Kg1 Qb4 {Precision: White = 50%, Black = 78%.} 0-1